| 000 | 00352nam a2200157Ia 4500 | ||
|---|---|---|---|
| 100 | _aLangsam Y/ Augenstein/M | ||
| 650 | _aJava | ||
| 942 | _cBK | ||
| 366 | _f20 | ||
| 654 | _adatastructures | ||
| 245 | _aDatastructures using Java | ||
| 260 |
_bPearson Education _aMumbai _c2003 |
||
| 082 |
_a005.73/LAN _bLAN |
||
| 300 | _a670 | ||
| 546 | _aENGLISH | ||
| 999 |
_c24875 _d24875 |
||